|
|
|
|
| LEADER |
00000nam a22000007a 4500 |
| 005 |
20211229204623.0 |
| 007 |
cr|||| |||| |
| 008 |
211229s2019 eu |||||s||||i00||0 eng d |
| 020 |
|
|
|a 978-92-76-09692-4
|
| 035 |
|
|
|a 33997
|
| 040 |
|
|
|a vLex
|
| 090 |
|
|
|c 12790
|d 12790
|
| 100 |
1 |
|
|a Haq, G.
|
| 245 |
1 |
0 |
|a Women in European transport with a focus on research and innovation
|h [Recurso electrn̤ico] :
|c G. Haq, A. Ortega Hortelano, A. Tsakalidis, K. Gkoumas, F. Pekr̀, M. van Balen, M. Grosso
|
| 256 |
|
|
|a Servicio en ln̕ea
|
| 260 |
|
|
|a Bruselas:
|b European Union Publications Office,
|c 2019
|
| 300 |
|
|
|a 1 recurso electrn̤ico
|
| 500 |
|
|
|a Gender differences exist with regard to access to transport and mobility, transport safety, personal security, and participation in the transport sector. This report analyses gender differences in the transport sector across the European Union (EU). It identifies key issues based on a survey of relevant literature and summarises EU policy initiatives and regulations that address gender equality and transport. The study examines the status and evolution of European research in tackling women’s issues in transport and analyses women's participation in transport research and innovation activities. It assesses the progress to date and identifies challenges and opportunities concerning women and mobility. It concludes by providing policy recommendations to overcome the main barriers to gender equality in transport.
|
| 506 |
1 |
|
|a Disponible solo en los productos indicados
|d vLex Global
|d vLex Global (Academic Edition, excluding Law Schools)
|d vLex Global (U.S. Academic Edition, Law Schools)
|d vLex Global (U.S. Academic Edition, excluding Law Schools)
|d vLex Global (Academic Edition, Law Schools)
|
| 650 |
0 |
4 |
|a Derecho Comunitario
|z Unin̤ Europea
|
| 700 |
1 |
|
|a Ortega Hortelano, A.
|
| 700 |
1 |
|
|a Tsakalidis, A.
|
| 700 |
1 |
|
|a Gkoumas, K.
|
| 700 |
1 |
|
|a Pekr̀, F.
|
| 700 |
1 |
|
|a Balen, M. van
|
| 700 |
1 |
|
|a Grosso, M.
|
| 740 |
0 |
|
|a vLex Libros (Servicio en ln̕ea)
|
| 856 |
4 |
0 |
|u https://app.vlex.com/#/sources/33997
|z Acceso restringido
|
| 942 |
|
|
|c BOOK
|
| 999 |
0 |
|
|a Community Law
|